00555nam a2200169 a 450000100060000000300090000600800410001502000150005604000280007108200180009910000560011724500670017326000390024049000310027965000440031065000310035417969CO-ViMGA141112s2004 ck r 000 u spa d a9581500401 aCO-ViMGAbspacCO-ViMGA04a635.642 G874m1 aGutierrez Vasquez, Albeiro; López Millán, Magda10aManejo post - cosecha y comercialización del tomate de arbol aArmenia (Colombia), cSena, c1999 aPaquetes de capacitación14aTOMATE DE ARBOL - MANEJO POST - COSECHA14aTOMATE DE ARBOL - MERCADEO